<?xml version="1.0" encoding="UTF-8"?>
<record
    xmlns:xsi="http://www.w3.org/2001/XMLSchema-instance"
    xsi:schemaLocation="http://www.loc.gov/MARC21/slim http://www.loc.gov/standards/marcxml/schema/MARC21slim.xsd"
    xmlns="http://www.loc.gov/MARC21/slim">

  <leader>00714nam a22002417a 4500</leader>
  <controlfield tag="001">13998</controlfield>
  <controlfield tag="003">BD-RjUL</controlfield>
  <controlfield tag="005">20211208235543.0</controlfield>
  <controlfield tag="008">140203r19751973ii a|||| |||| 001 0 eng d</controlfield>
  <datafield tag="035" ind1=" " ind2=" ">
    <subfield code="a">(BD-RjUL)14050</subfield>
  </datafield>
  <datafield tag="040" ind1=" " ind2=" ">
    <subfield code="a">BD-RjUL</subfield>
    <subfield code="b">eng</subfield>
    <subfield code="c">BD-RjUL</subfield>
    <subfield code="d">BD-RjUL</subfield>
  </datafield>
  <datafield tag="041" ind1=" " ind2=" ">
    <subfield code="a">eng</subfield>
  </datafield>
  <datafield tag="082" ind1="0" ind2="4">
    <subfield code="2">19</subfield>
    <subfield code="a">621.3810212</subfield>
    <subfield code="b">NOS 1975</subfield>
  </datafield>
  <datafield tag="100" ind1="1" ind2=" ">
    <subfield code="a">Noll, Edward M.</subfield>
    <subfield code="9">43759</subfield>
  </datafield>
  <datafield tag="245" ind1="1" ind2="0">
    <subfield code="a">Science project in electronics /</subfield>
    <subfield code="c"> by Edward M. Noll</subfield>
  </datafield>
  <datafield tag="250" ind1=" " ind2=" ">
    <subfield code="a">2nd ed.</subfield>
  </datafield>
  <datafield tag="260" ind1=" " ind2=" ">
    <subfield code="a">India :</subfield>
    <subfield code="b">D.B.Taraporevala sons &amp; co.,</subfield>
    <subfield code="c">1975</subfield>
  </datafield>
  <datafield tag="300" ind1=" " ind2=" ">
    <subfield code="a">144p. :</subfield>
    <subfield code="b">ill. ;</subfield>
    <subfield code="c">22cm.</subfield>
  </datafield>
  <datafield tag="504" ind1=" " ind2=" ">
    <subfield code="a">Include index</subfield>
  </datafield>
  <datafield tag="650" ind1=" " ind2="0">
    <subfield code="2"> 	      </subfield>
    <subfield code="a"> Electronics -- Handbooks, manuals,   </subfield>
    <subfield code="9">43760</subfield>
  </datafield>
  <datafield tag="650" ind1=" " ind2="0">
    <subfield code="a">Science projects. </subfield>
    <subfield code="9">43761</subfield>
  </datafield>
  <datafield tag="942" ind1=" " ind2=" ">
    <subfield code="2">ddc</subfield>
    <subfield code="c">BK</subfield>
  </datafield>
  <datafield tag="999" ind1=" " ind2=" ">
    <subfield code="c">13998</subfield>
    <subfield code="d">13998</subfield>
  </datafield>
  <datafield tag="952" ind1=" " ind2=" ">
    <subfield code="0">0</subfield>
    <subfield code="1">0</subfield>
    <subfield code="2">ddc</subfield>
    <subfield code="4">0</subfield>
    <subfield code="7">0</subfield>
    <subfield code="8">NFIC</subfield>
    <subfield code="a">RUCL</subfield>
    <subfield code="b">RUCL</subfield>
    <subfield code="c">Stack</subfield>
    <subfield code="d">1979-11-17</subfield>
    <subfield code="e">India int. calculta</subfield>
    <subfield code="g">17.00</subfield>
    <subfield code="l">0</subfield>
    <subfield code="o">621.3810212 NOS 1975</subfield>
    <subfield code="r">2014-02-03 00:00:00</subfield>
    <subfield code="t">C-2</subfield>
    <subfield code="w">2014-02-03</subfield>
    <subfield code="y">BK</subfield>
  </datafield>
  <datafield tag="952" ind1=" " ind2=" ">
    <subfield code="0">0</subfield>
    <subfield code="1">0</subfield>
    <subfield code="2">ddc</subfield>
    <subfield code="4">0</subfield>
    <subfield code="7">1</subfield>
    <subfield code="8">NFIC</subfield>
    <subfield code="a">RUCL</subfield>
    <subfield code="b">RUCL</subfield>
    <subfield code="c">Reading</subfield>
    <subfield code="d">1986-06-21</subfield>
    <subfield code="e">kasem int. </subfield>
    <subfield code="g">19.50</subfield>
    <subfield code="l">0</subfield>
    <subfield code="o">621.3810212 NOS 1975</subfield>
    <subfield code="r">2017-04-03 00:00:00</subfield>
    <subfield code="t">C-1</subfield>
    <subfield code="w">2021-12-08</subfield>
    <subfield code="y">BK</subfield>
  </datafield>
  <datafield tag="952" ind1=" " ind2=" ">
    <subfield code="0">0</subfield>
    <subfield code="1">0</subfield>
    <subfield code="2">ddc</subfield>
    <subfield code="4">0</subfield>
    <subfield code="7">0</subfield>
    <subfield code="8">NFIC</subfield>
    <subfield code="a">RUCL</subfield>
    <subfield code="b">RUCL</subfield>
    <subfield code="c">Stack</subfield>
    <subfield code="d">1979-01-12</subfield>
    <subfield code="e">Indian Int., Calautta</subfield>
    <subfield code="g">17.00</subfield>
    <subfield code="l">0</subfield>
    <subfield code="o">621.3810212 NOS 1975</subfield>
    <subfield code="r">2017-06-14 00:00:00</subfield>
    <subfield code="t">C-3</subfield>
    <subfield code="w">2021-12-08</subfield>
    <subfield code="y">BK</subfield>
  </datafield>
  <datafield tag="952" ind1=" " ind2=" ">
    <subfield code="0">0</subfield>
    <subfield code="1">0</subfield>
    <subfield code="2">ddc</subfield>
    <subfield code="4">0</subfield>
    <subfield code="7">0</subfield>
    <subfield code="8">NFIC</subfield>
    <subfield code="a">RUCL</subfield>
    <subfield code="b">RUCL</subfield>
    <subfield code="c">GEN</subfield>
    <subfield code="d">1979-01-12</subfield>
    <subfield code="e">India Int. Calcutta</subfield>
    <subfield code="g">17.00</subfield>
    <subfield code="l">0</subfield>
    <subfield code="o">621.3810212 NOS 1975</subfield>
    <subfield code="r">2022-10-18 00:00:00</subfield>
    <subfield code="t">C-4</subfield>
    <subfield code="w">2022-10-18</subfield>
    <subfield code="y">BK</subfield>
  </datafield>
</record>
